| 000 | 00624nam a2200193 i 4500 | ||
|---|---|---|---|
| 001 | 63050 | ||
| 003 | ES-MaACL | ||
| 005 | 20230921111921.0 | ||
| 007 | t| | ||
| 008 | 031128s1947 sp ||||1| spa d | ||
| 100 | 1 |
_aFernández Pousa, Ramón _950010 |
|
| 245 | 1 | 4 |
_aLos manuscritos gramaticales latinos de la Biblioteca Nacional / _cRamón Fernández Pousa. |
| 260 |
_aMadrid : _b[s.n.], _c1947. |
||
| 300 |
_a81 p. ; _c24 cm. |
||
| 650 | 4 |
_aManuscritos latinos- _zBiblioteca Nacional de España- _vCatálogos. _9155415 |
|
| 852 |
_aES-MaACL _j1581-F-3 _bR.24157 _965440 |
||
| 942 | _2udc | ||
| 999 |
_c63050 _d63050 |
||